| 000 | 00000nam 2200000za 4500 |
| 001 | 9.846660 |
| 003 | CaOODSP |
| 005 | 20221107153246 |
| 007 | cr ||||||||||| |
| 008 | 171106s1986 onc |o f|0| 0 fre d |
| 040 | |aCaOODSP|bfre |
| 043 | |an-cn--- |
| 086 | 1 |aCS11-0019/1F-PDF |
| 100 | 1 |aOsberg, Lars. |
| 245 | 10|aRéaction comportementale dans le contexte d'une simulation micro-analytique socio-économique |h[ressource électronique] / |cpar Lars Osberg. |
| 260 | |a[Ottawa] : |bStatistique Canada, |c1986. |
| 300 | |a93 p. |
| 490 | 0 |aDocuments de recherche ; |vno. 1 |
| 500 | |aPubl. aussi en anglais sous le titre : Behavioural response in the context of socio-economic microanalytic simulation. |
| 500 | |aÉdition numérisée de l'imprimé [par Statistique Canada]. |
| 500 | |a« Avril 1986. » |
| 504 | |aComprend des références bibliographiques. |
| 520 | |a« Ce rapport offre une étude critique du cadre du choix travail/loisir et de son utilité dans l'analyse des réactions comportementales des gens face aux lois relatives aux politiques fiscales et sociales. »--Résumé. |
| 692 | 07|2gccst|aAnalyse micro-économique |
| 710 | 2 |aStatistique Canada. |bDirection des études analytiques. |
| 775 | 08|tBehavioural response in the context of socio-economic microanalytic simulation |w(CaOODSP)9.846644 |
| 830 | #0|aDocuments de recherche (Statistique Canada. Direction des études analytiques)|vno. 1|w(CaOODSP)9.500842 |
| 856 | 40|qPDF|s8.66 Mo|uhttps://publications.gc.ca/collections/collection_2017/statcan/11f0019m/CS11-0019-1-fra.pdf |